Geography Quiz

Random Geography or Asia Quiz

Administrative Divisions of Asia that Begin with O-P Quiz Stats

 Plays Quiz not verified by Sporcle

Also try: 7-Letter States
Challenge
Share
Tweet
Embed
Score 0/58 Timer 14:00
0 Plays Today
% Correct
Oita
90.9%
Phnom Penh
87.9%
Okayama
87.9%
Okinawa
87.9%
Osaka
87.9%
Omsk
87.9%
Phuket
87.9%
Punjab (Chandigarh)
84.8%
Osh
84.8%
Pyongyang
84.8%
Phra Nakhon Si Ayutthaya
84.8%
Punjab (Lahore)
81.8%
Pathum Thani
81.8%
Phatthalung
81.8%
Primorsky
78.8%
Phetchaburi
78.8%
Phitsanulok
78.8%
Prachuap Khiri Khan
78.8%
Phu Tho
78.8%
Papua
75.8%
Phetchabun
75.8%
Phu Yen
75.8%
Odisha
72.7%
Penang
72.7%
Putrajaya
72.7%
Pattani
72.7%
Prachinburi
72.7%
Osmaniye
72.7%
Preah Sihanouk
69.7%
% Correct
Perak
69.7%
Ovorkhangai
69.7%
Phayao
69.7%
Phichit
69.7%
Panjshir
66.7%
Prey Veng
66.7%
Perlis
66.7%
Omnogovi
66.7%
Preah Vihear
63.6%
Pavlodar
63.6%
Pahang
60.6%
Paktia
57.6%
Pemagatshel
57.6%
Oddar Meanchey
57.6%
Orkhon
57.6%
Pa-O
57.6%
Oecusse
57.6%
Ordu
57.6%
Oudomxai
51.5%
Parwan
48.5%
Phang Nga
42.4%
Phrae
39.4%
Pursat
36.4%
Paktika
33.3%
Punakha
33.3%
Pa Luang
33.3%
Paro
21.2%
Pailin
12.1%
Phongsali
9.1%

You're not logged in!

Compare scores with friends on all Sporcle quizzes.
Join for Free
OR
Log In

You Might Also Like...

Show Comments

Extras

Top Quizzes Today


Score Distribution

Your Account Isn't Verified!

In order to create a playlist on Sporcle, you need to verify the email address you used during registration. Go to your Sporcle Settings to finish the process.

Report this User

Report this user for behavior that violates our Community Guidelines.

Details: